000 00668nam a2200181Ia 4500
003 GCL
008 140319s9999 xx 000 0 ara d
040 _aGCL /
_cGCL
082 0 4 _aق
_b962.071
_bا د
100 1 _aدار ابن خلدون
245 1 0 _aالانتفاضة الطلابية فى مصر(5 يناير - كانون الثانى 1972) /
_cدار ابن خلدون
300 _a150 ص
490 _aسلسلةوثائق
_v0
650 0 4 _aمصر - تاريخ
650 0 4 _aمصر - تاريخ - العصر الحديث (1805 - 1956 )
650 0 4 _aمصر - تاريخ - العصر الحديث - انور السادات (1971 - 1981)
942 _2ddc
_cBK
999 _c50551
_d50551